My past and thoughts: (Record no. 119070)
[ view plain ]
| 000 -LEADER | |
|---|---|
| fixed length control field | 01182cam a22003371 4500 |
| 001 - CONTROL NUMBER | |
| control field | 4543058 |
| 003 - CONTROL NUMBER IDENTIFIER | |
| control field | ARRUPE |
| 005 - DATE AND TIME OF LATEST TRANSACTION | |
| control field | 20131204132450.0 |
| 008 - FIXED-LENGTH DATA ELEMENTS--GENERAL INFORMATION | |
| fixed length control field | 710513s1968 enka b 000 0aeng |
| 010 ## - LIBRARY OF CONGRESS CONTROL NUMBER | |
| LC control number | 68119192 |
| 015 ## - NATIONAL BIBLIOGRAPHY NUMBER | |
| National bibliography number | B68-13009 |
| 040 ## - CATALOGING SOURCE | |
| Original cataloging agency | DLC |
| Transcribing agency | DLC |
| Modifying agency | DLC |
| 041 1# - LANGUAGE CODE | |
| Language code of text/sound track or separate title | engrus |
| 050 00 - LIBRARY OF CONGRESS CALL NUMBER | |
| Classification number | DK209.6.H4 |
| Item number | A33 |
| 082 00 - DEWEY DECIMAL CLASSIFICATION NUMBER | |
| Classification number | 947/.07/0924 |
| -- | B |
| 300 ## - PHYSICAL DESCRIPTION | |
| Other physical details | tables |
| Dimensions | 23 cm. |
| 100 1# - MAIN ENTRY--PERSONAL NAME | |
| Personal name | Herzen, Aleksandr, |
| Dates associated with a name | 1812-1870. |
| 9 (RLIN) | 5111 |
| 240 10 - UNIFORM TITLE | |
| Uniform title | <a href="Byloe i dumy.">Byloe i dumy.</a> |
| Language of a work | English |
| 245 10 - TITLE STATEMENT | |
| Title | My past and thoughts: |
| Remainder of title | the memoirs of Alexander Herzen; |
| Statement of responsibility, etc | translated [from the Russian] by Constance Garnett. |
| 250 ## - EDITION STATEMENT | |
| Edition statement | [Revised ed.]; |
| Remainder of edition statement | revised by Humphrey Higgens; with an introduction by Isaiah Berlin. |
| 260 ## - PUBLICATION, DISTRIBUTION, ETC. (IMPRINT) | |
| Place of publication, distribution, etc | London, |
| Name of publisher, distributor, etc | Chatto & Windus, |
| Date of publication, distribution, etc | 1968. |
| 300 ## - PHYSICAL DESCRIPTION | |
| Extent | 4 v. |
| 350 ## - PRICE (NR) (BK AM CF MU VM SE) [OBSOLETE] | |
| Price | £10/10/- |
| 500 ## - GENERAL NOTE | |
| General note | Translation of Byloe i dumy. |
| 504 ## - BIBLIOGRAPHY, ETC. NOTE | |
| Bibliography, etc | Bibliographical footnotes. |
| 600 10 - SUBJECT ADDED ENTRY--PERSONAL NAME | |
| Personal name | Herzen, Aleksandr, |
| Dates associated with a name | 1812-1870. |
| 9 (RLIN) | 5112 |
| 650 #0 - SUBJECT ADDED ENTRY--TOPICAL TERM | |
| Topical term or geographic name as entry element | Revolutionaries |
| Geographic subdivision | Soviet Union |
| General subdivision | Biography. |
| 9 (RLIN) | 5113 |
| 650 #0 - SUBJECT ADDED ENTRY--TOPICAL TERM | |
| Topical term or geographic name as entry element | Socialists |
| Geographic subdivision | Soviet Union |
| General subdivision | Biography. |
| 9 (RLIN) | 5114 |
| 650 #0 - SUBJECT ADDED ENTRY--TOPICAL TERM | |
| Topical term or geographic name as entry element | Authors, Russian |
| General subdivision | Biography. |
| 9 (RLIN) | 5115 |
| 906 ## - LOCAL DATA ELEMENT F, LDF (RLIN) | |
| a | 7 |
| b | cbc |
| c | orignew |
| d | u |
| e | ncip |
| f | 19 |
| g | y-gencatlg |
| 942 ## - ADDED ENTRY ELEMENTS (KOHA) | |
| Source of classification or shelving scheme | Library of Congress Classification |
| Koha item type | Monograph ( Printed materials) |
| Withdrawn status | Lost status | Source of classification or shelving scheme | Damaged status | Not for loan | Home library | Current library | Shelving location | Date acquired | Total Checkouts | Full call number | Barcode | Date last seen | Copy number | Price effective from | Koha item type |
|---|---|---|---|---|---|---|---|---|---|---|---|---|---|---|---|
| Library of Congress Classification | ARRUPE LIBRARY | ARRUPE LIBRARY | Main Collection | 04/12/2013 | DK209.6.H4 A33 | 464123413 | 04/12/2017 | VOL. 1 | 04/12/2013 | Monograph ( Printed materials) | |||||
| Library of Congress Classification | ARRUPE LIBRARY | ARRUPE LIBRARY | Main Collection | 04/12/2013 | DK209.6.H4 A33 | 464123414 | 04/12/2017 | VOL.2 | 04/12/2013 | Monograph ( Printed materials) | |||||
| Library of Congress Classification | ARRUPE LIBRARY | ARRUPE LIBRARY | Main Collection | 04/12/2013 | DK209.6.H4 A33 | 464123416 | 04/12/2017 | VOL.3 | 04/12/2013 | Monograph ( Printed materials) | |||||
| Library of Congress Classification | ARRUPE LIBRARY | ARRUPE LIBRARY | Main Collection | 04/12/2013 | DK209.6.H4 A33 | 464123417 | 04/12/2017 | VOL.4 | 04/12/2013 | Monograph ( Printed materials) |